000
00339nam a22001697a 4500
003
UA-OsUOA
001
41241
007
ta
008
20060919b un ||||| |||| 00| 0 ukr d
100
_a
Лютий О.
090
_b
Л85
942
_c
BK
040
_a
UA-OsUOA
_c
UA-OsUOA
_d
UA-OsUOA
245
_a
3114397
955
_a
3
650
7
_2
UDC
999
_c
327377
_d
327377